<?xml version="1.0" encoding="UTF-8"?>
<record
    xmlns:xsi="http://www.w3.org/2001/XMLSchema-instance"
    xsi:schemaLocation="http://www.loc.gov/MARC21/slim http://www.loc.gov/standards/marcxml/schema/MARC21slim.xsd"
    xmlns="http://www.loc.gov/MARC21/slim">

  <leader>01882nam a2200337 i 4500</leader>
  <controlfield tag="003">DO-SdBNP</controlfield>
  <controlfield tag="005">20260526192941.0</controlfield>
  <controlfield tag="007">ta</controlfield>
  <controlfield tag="008">250224t2012    dr            001 0 spa d</controlfield>
  <datafield tag="020" ind1=" " ind2=" ">
    <subfield code="z">9789993448365</subfield>
  </datafield>
  <datafield tag="040" ind1=" " ind2=" ">
    <subfield code="a">DO-SdBNP</subfield>
    <subfield code="b">spa</subfield>
    <subfield code="c">BNPHU</subfield>
    <subfield code="e">rda</subfield>
  </datafield>
  <datafield tag="082" ind1=" " ind2=" ">
    <subfield code="a">371.36</subfield>
    <subfield code="b">C436a</subfield>
    <subfield code="2">23</subfield>
  </datafield>
  <datafield tag="100" ind1="1" ind2=" ">
    <subfield code="a">Chaljub, Jeanette</subfield>
    <subfield code="e">autor</subfield>
    <subfield code="4">aut.</subfield>
    <subfield code="9">87031</subfield>
  </datafield>
  <datafield tag="245" ind1="1" ind2="0">
    <subfield code="a">Aprendizaje colaborativo :</subfield>
    <subfield code="b">de la teor&#xED;a a la pr&#xE1;ctica /</subfield>
    <subfield code="c">Jeanette Chaljub ; pr&#xF3;logo, Margarita Heinsen Guerra </subfield>
  </datafield>
  <datafield tag="264" ind1=" " ind2="4">
    <subfield code="a">Santo Domingo, Rep&#xFA;blica Dominicana :</subfield>
    <subfield code="b">Editorial UNIBE,</subfield>
    <subfield code="c">&#xA9;2012</subfield>
  </datafield>
  <datafield tag="300" ind1=" " ind2=" ">
    <subfield code="a">166 p&#xE1;ginas ;</subfield>
    <subfield code="c">23 cm</subfield>
  </datafield>
  <datafield tag="336" ind1=" " ind2=" ">
    <subfield code="a">texto</subfield>
    <subfield code="b">txt</subfield>
    <subfield code="2">rdacontent</subfield>
  </datafield>
  <datafield tag="337" ind1=" " ind2=" ">
    <subfield code="a">sin mediaci&#xF3;n</subfield>
    <subfield code="b">n</subfield>
    <subfield code="2">rdamedia</subfield>
  </datafield>
  <datafield tag="338" ind1=" " ind2=" ">
    <subfield code="a">volumen</subfield>
    <subfield code="b">nc</subfield>
    <subfield code="2">rdacarrier</subfield>
  </datafield>
  <datafield tag="504" ind1=" " ind2=" ">
    <subfield code="a">Bibliograf&#xED;a p: 153-166.</subfield>
  </datafield>
  <datafield tag="520" ind1=" " ind2=" ">
    <subfield code="a">Esta publicaci&#xF3;n tiene el prop&#xF3;sito de ofrecer a docentes de los distintos niveles educativos, as&#xED; como a personas interesadas, un material sencillo que oriente la implementaci&#xF3;n de la estrategia de aprendizaje colaborativo, mediante explicaciones y ejemplos. La autora, docente de la Universidad Iberoamericana (Unibe), sustenta dichas estrategias en la teor&#xED;a, explicando el enfoque constructivista sociocultural de manera clara, compartiendo t&#xE9;cnicas ya probadas e invitando al lector a conocer y aplicar esta metodolog&#xED;a para mejorar la calidad de la educaci&#xF3;n.</subfield>
  </datafield>
  <datafield tag="590" ind1=" " ind2=" ">
    <subfield code="a">Inventariado, 2025/ YL</subfield>
  </datafield>
  <datafield tag="650" ind1=" " ind2="7">
    <subfield code="a">M&#xE9;todo de aprendizaje en equipo en la educaci&#xF3;n</subfield>
    <subfield code="2">librunam</subfield>
    <subfield code="9">89768</subfield>
  </datafield>
  <datafield tag="650" ind1=" " ind2="7">
    <subfield code="a">M&#xE9;todos de ense&#xF1;anza</subfield>
    <subfield code="2">librunam</subfield>
    <subfield code="9">2196</subfield>
  </datafield>
  <datafield tag="650" ind1=" " ind2="7">
    <subfield code="a">Constructivismo (Educaci&#xF3;n)</subfield>
    <subfield code="2">librunam  </subfield>
    <subfield code="9">89769</subfield>
  </datafield>
  <datafield tag="700" ind1=" " ind2=" ">
    <subfield code="a">Heinsen Guerra, Margarita </subfield>
    <subfield code="e">prologuista</subfield>
    <subfield code="4">prol.</subfield>
    <subfield code="9">72793</subfield>
  </datafield>
  <datafield tag="710" ind1=" " ind2=" ">
    <subfield code="a">Universidad Iberoamericana</subfield>
    <subfield code="9">36529</subfield>
  </datafield>
  <datafield tag="856" ind1=" " ind2=" ">
    <subfield code="u">https://repositorio.unibe.edu.do/bitstreams/8ad50914-e1d0-4d11-92a0-6867decb3efc/download</subfield>
    <subfield code="y">Acceso a texto completo</subfield>
  </datafield>
  <datafield tag="910" ind1=" " ind2=" ">
    <subfield code="a">YLockward</subfield>
  </datafield>
  <datafield tag="942" ind1=" " ind2=" ">
    <subfield code="2">ddc</subfield>
    <subfield code="c">LBS1</subfield>
  </datafield>
  <datafield tag="952" ind1=" " ind2=" ">
    <subfield code="0">0</subfield>
    <subfield code="1">0</subfield>
    <subfield code="2">ddc</subfield>
    <subfield code="5">1</subfield>
    <subfield code="7">0</subfield>
    <subfield code="8">PD</subfield>
    <subfield code="a">BNPHU</subfield>
    <subfield code="b">BNPHU</subfield>
    <subfield code="c">CT</subfield>
    <subfield code="d">2024-07-18</subfield>
    <subfield code="e">Donado por Claro Dominicana</subfield>
    <subfield code="l">0</subfield>
    <subfield code="o">BNPHU PD 371.36 C436a</subfield>
    <subfield code="p">2025-1188</subfield>
    <subfield code="r">2025-02-24</subfield>
    <subfield code="w">2025-02-24</subfield>
    <subfield code="y">LBS1</subfield>
  </datafield>
  <datafield tag="999" ind1=" " ind2=" ">
    <subfield code="c">58196</subfield>
    <subfield code="d">58196</subfield>
  </datafield>
</record>
